Mass media law (Record no. 3944)
[ view plain ]
| 000 -LEADER | |
|---|---|
| fixed length control field | 01377nam a2200181 4500 |
| 020 ## - INTERNATIONAL STANDARD BOOK NUMBER | |
| ISBN | 9780697327161 |
| 020 ## - INTERNATIONAL STANDARD BOOK NUMBER | |
| ISBN | 0697327167 |
| 050 ## - CALL NUMBER | |
| Classification number | KF2750 |
| Item number | .M34 |
| 100 ## - AUTHOR | |
| Personal name | Don R. Pember |
| 245 ## - TITLE | |
| Title | Mass media law |
| Statement of responsibility, etc | Don R. Pember. |
| 250 ## - EDITION | |
| Edition statement | 1998 ed., |
| 260 ## - PUBLICATION INFORMATION | |
| Place of publication | Boston : |
| Name of publisher | McGraw Hill, |
| Year of publication | 1997. |
| 300 ## - DESCRIPTION | |
| Number of Pages | xix, 616 p.: |
| Other physical details | ill; |
| Dimensions | 24 cm. |
| 500 ## - NOTES | |
| General note | "In this edition you will find material regarding the intersection of the law and the Internet in many chapters"--Preface. |
| 505 ## - FORMATTED CONTENTS NOTE | |
| Table of Content | The American legal system --<br/>The First Amendment: the meaning of freedom --<br/>The First Amendment: contemporary problems --<br/>Libel: establishing a case --<br/>Libel: proof of fault --<br/>Libel: defenses and damages --<br/>Invasion of privacy: appropriation and intrusion --<br/>Invasion of privacy: publication of private information and false light --<br/>Gathering information: records and meetings --<br/>Protection of news sources --<br/>The contempt power --<br/>Free press/fair trial: trial level remedies and restrictive orders --<br/>Free press/fair trial: closed judicial proceedings --<br/>Regulation of obscene and other erotic material --<br/>Copyright --<br/>Regulation of advertising --Telecommunications regulation: history and licensing --<br/>Telecommunications regulation: content controls and cable --<br/>Glossary. |
| 650 ## - SUBJECTS | |
| Topical Term | Mass media -- |
| General subdivision | Law and legislation -- United States. |
| 942 ## - ADDED ENTRY ELEMENTS (KOHA) | |
| Koha item type | Books |
| Withdrawn status | Lost status | Home library | Current library | Shelving location | Date acquired | Full call number | Accession Number | Koha item type |
|---|---|---|---|---|---|---|---|---|
| Methodist University Library Tema | Methodist University Library Tema | General Stacks | 10/12/1999 | KF2750 .M34 | 25214 | Books | ||
| Methodist University Library Tema | Methodist University Library Tema | General Stacks | 10/12/1999 | KF2750 .M34 | 25217 | Books | ||
| Methodist University Library Tema | Methodist University Library Tema | General Stacks | 10/12/1999 | KF2750 .M34 | 25215 | Books |